| 000 | 01694cam a22004214i 4500 | ||
|---|---|---|---|
| 003 | PE-LiUPU | ||
| 005 | 20250731173007.0 | ||
| 008 | 150623s1993 miu rb 000 0 spa d | ||
| 020 | _a0939125765 | ||
| 035 | _a(Sirsi) i9780939125760 | ||
| 040 |
_aPE-LiUPU _bspa _cPE-LiUPU _erda |
||
| 049 | _aPRUA | ||
| 082 | 0 | 4 |
_a220.61 _bH321i _223 |
| 100 | 1 |
_aHarrison, Roland Kenneth, _eautor. _94327 |
|
| 245 | 1 | 0 |
_aIntroducción al Antiguo Testamento : _nVolumen 3 _bLos Profetas Mayores y los Profetas Menores / _cpor Roland Kenneth Harrison. |
| 264 | 1 |
_aJenison, Michigan : _bThe Evangelical Literature League, _c1993. |
|
| 300 |
_a268 páginas ; _c22 centímetros. |
||
| 336 |
_atext _2rdacontent |
||
| 337 |
_aunmediated _2rdamedia |
||
| 338 |
_avolume _2rdacarrier |
||
| 504 | _aNotas de pie de página al final de cada capítulo. | ||
| 505 | 0 | _aLos profetas mayores -- Los Profetas en el Antiguo Testamento -- El libro de Isaías -- El libro de Jeremías -- El libro de Ezequiel -- Los profetas menores -- El libro de Oseas -- El libro de Joel -- El libro de Amós -- El libro de Abdías -- El libro de Jonás -- El libro de Miqueas -- El libro de Nahum -- El libro de Habacuc -- El libro de Sofonías -- El libro de Hageo -- El libro de Zacarías -- El libro de Malaquías. | |
| 526 | _aSEG42 | ||
| 526 | _aSEG41 | ||
| 526 | _aSEG40 | ||
| 526 | _aSEG39 | ||
| 526 | _aP94 | ||
| 526 | _aP87 | ||
| 526 | _aP86 | ||
| 526 | _aP85 | ||
| 526 | _aP77 | ||
| 526 | _aP76 | ||
| 526 | _aP35 | ||
| 630 | 1 | 4 |
_aBiblia. _pProfetas _xEstudio y enseñanza. |
| 942 |
_2ddc _cBK |
||
| 980 |
_81 _gALBERTO SANCHEZ Responsable de Automatización |
||
| 999 |
_c22682 _d22682 |
||